00470nam a2200145 a 450000100100000000500170001000800410002704000250006810000200009324500660011324600470017926000420022630000280026850400280029600003402120200930070716.0110921s1998 dr 000 0 spa d aDO-SdBNPbspacBNPHU1 aPeña, Ramón10aDacEasy accounting :bconsulta al instante /cRamón Peña.14aDacEasy accounting :bconsulta al instante aSanto Domingo :bStar Editora,c1998. a142 p. :bil. ;c28 cm. aBibliografía : p. 142